<?xml version="1.0" encoding="UTF-8"?>
<marc:record xmlns:marc="http://www.loc.gov/MARC21/slim">
   <marc:leader>00000nam a2200000 a 4500</marc:leader>
   <marc:datafield ind1="1" ind2=" " tag="100">
      <marc:subfield code="a">Stronk, Cally</marc:subfield>
      <marc:subfield code="4">aut</marc:subfield>
      <marc:subfield code="e">Verfasser/-in</marc:subfield>
   </marc:datafield>
   <marc:datafield ind1=" " ind2=" " tag="653">
      <marc:subfield code="a">Escape-Krimi</marc:subfield>
   </marc:datafield>
   <marc:datafield ind1=" " ind2=" " tag="653">
      <marc:subfield code="a">Professor</marc:subfield>
   </marc:datafield>
   <marc:datafield ind1="0" ind2="0" tag="245">
      <marc:subfield code="a">Der verrückte Professor</marc:subfield>
   </marc:datafield>
   <marc:datafield ind1="0" ind2="0" tag="245">
      <marc:subfield code="b">Die drei ??? Ein Auftrag. Ein Rätsel. Deine Mission</marc:subfield>
   </marc:datafield>
   <marc:datafield ind1=" " ind2="1" tag="264">
      <marc:subfield code="b">Franckh-Kosmos</marc:subfield>
      <marc:subfield code="c">2020</marc:subfield>
   </marc:datafield>
   <marc:datafield ind1="1" ind2=" " tag="490">
      <marc:subfield code="a">Die drei ???</marc:subfield>
   </marc:datafield>
   <marc:datafield ind1="1" ind2=" " tag="520">
      <marc:subfield code="a">Ein verwirrter Professor erhält einen merkwürdigen Brief ... von sich selber! Hat er den Brief wirklich geschrieben? Und wenn nicht: Wer steckt dahinter? Auf der Suche nach dem Geheimnis stoßen Justus, Peter und Bob immer wieder auf knifflige Rätsel.  Und auch die Leserinnen und Leser sind hautnah dabei, denn nur mit ihrer Hilfe können die Detektive die Codes knacken und den Fall lösen. Das Escape-Prinzip - jetzt auch für Fans der drei ??? (</marc:subfield>
   </marc:datafield>
   <marc:datafield ind1=" " ind2=" " tag="020">
      <marc:subfield code="a">9783440162880</marc:subfield>
      <marc:subfield code="9">9783440162880</marc:subfield>
   </marc:datafield>
</marc:record>
